Word Ladder: 'Ladder' Quiz Stats

 Plays Quiz Updated Dec 6, 2014

Challenge
Share
Tweet
Embed
Score 0/20 Timer 02:00
1 Play Today
Hint 4-Letter Word % Correct
Wine stopperCORK
97.6%
Utensil with tinesFORK
96.8%
What one eatsFOOD
95.5%
Breathing organLUNG
94.2%
Peter, Paul and Mary’s musical genreFOLK
93.7%
@Many attic ladders do this@FOLD
92.8%
@Ladder component@RUNG
92.5%
Smallest of a litterRUNT
91.4%
No longer hereGONE
89.6%
Prepare for eatingCOOK
89.3%
Hint 4-Letter Word % Correct
@It's used to climb a ladder@FOOT
89.2%
SolitaryLONE
86.7%
@A ladder for a high rise may be described as@LONG
83.5%
Disk-shaped instrument played with padded hammerGONG
83.2%
@Fire truck: ____ & ladder@HOOK
81%
Ancient taleLORE
75.9%
Printers measureFONT
70.4%
Original host of Candid CameraFUNT
70.3%
AristocratLORD
66.6%
@____ ladder@WORD
38.7%

Today's Daily Dose

You're not logged in!

Compare scores with friends on all Sporcle quizzes.
Join for Free
OR
Log In

You Might Also Like...

Show Comments

Extras

Top Quizzes Today


Score Distribution

Your Account Isn't Verified!

In order to create a playlist on Sporcle, you need to verify the email address you used during registration. Go to your Sporcle Settings to finish the process.

Report this User

Report this user for behavior that violates our Community Guidelines.

Details: